00334 a2200109 4500001001000000005001700010008004100027245004800068100002100116773007000137999001700207ART_1238420260410161905.0260409a 10aA reply to Professors Maasoumi and Phillips1 aHendry, David F.0 tJournal of econometricsg- Vol. 19, NÂș 2/3 (ago. 1982)wREV11720 c26313d26313